000 00797cam a22002411 4500
001 e 48000037
003 DLC
005 20260227111233.0
008 880623s1948 kyu 000 0 eng
010 _ae 48000037
035 _a(OCoLC)18127106
040 _aDLC
_cAU
_dOCoLC
_dDLC
042 _apremarc
050 0 0 _aL152
_b.B35 vol. 16, no. 3
100 1 _aHackensmith, Charles William,
_d1906-
245 1 0 _aBasic health course for secondary schools of Kentucky.
260 _a[Frankfort]
_bDept. of Education
_c[1948]
300 _a[131]-298 p.
_c23 cm.
490 1 _aKentucky. Dept. of Education. Educational bulletin,
_vv. 16, no. 3
504 _aBibliography: p. 294-298.
650 0 _aHealth education
_zKentucky.
830 0 _aEducational bulletin (Frankfort, Ky.) ;
_vv. 16, no. 3.
999 _c22088
_d22088